00953nam a2200301 i 450000100060000000300090000600500170001500800410003202000150007302000180008804000360010604100130014204400080015508000130016310000230017624500880019926000480028730000350033538000160037038000230038638800100040950400300041954600160044965000150046565800280048070000450050885600980055356612KOSZ 00520211011113932.0090804s2007 pl a |000 0 pol  a8392279743 a9788392279747 cKOSZ 005aKOSZ 005dKOSZ 005/HR0 apolheng aPOL a655.1/.31 aBann, DavideAutor10aPoligrafia :bpraktyczny przewodnik /cDavid Bann ; tł. Magdalena Turowska-Rawicz. aWarszawa :bABE Dom Wydawniczy,ccop. 2007. a224 s. :bil. kolor. ;c23 cm. aKsiążki aPublikacje fachowe a2001- aBibliogr. s. 219. Indeks. aTł. z ang. 7aDrukarstwo aInżynieria i technika1 aTurowska-Rawicz, MagdalenaeTłumaczenie uhttp://koha.tu.koszalin.pl/cgi-bin/koha/opac-detail.pl?biblionumber=56612yKatalog online BPK